Medzinárodné peňažné vzťahy 1 Platobný styk a teória bilancií

Bibliographic Details
Main Authors: Jiřík, Štefan (Author), Kožehuba, Ján, 1921- (Author)
Format: Book
Language:Slovak
PhysicalDescription:244 s. 4°
Published: Bratislava Vysoká škola ekonomická 1966
Series:Vysokoškolské skriptá
Subjects:

MARC

LEADER 00000cam a2200000 a 4500
001 vtls008309316
003 SK-MaSNL
005 20260302054332.0
008 240509s1966 xo f np 000 0 slo
015 |a SKSNBA1966/01-00017 
035 |a SK01SNK19660001533 
035 |a SKM000003996 
040 |a SNK  |b slo  |c SNK  |e AACR2 
041 0 |a slo 
044 |a xo  |c SK 
080 |a 339.7(075.8)  |2 1981 
100 1 |a Jiřík, Štefan  |4 aut  |9 713446 
245 1 0 |a Medzinárodné peňažné vzťahy 1  |b Platobný styk a teória bilancií  |c Štefan Jiřík, Ján Kožehuba 
260 |a Bratislava  |b Vysoká škola ekonomická  |c 1966 
300 |a 244 s.  |c 4° 
366 |e 150 výtl. 
490 1 |a Vysokoškolské skriptá 
504 |a Obsahuje bibliografiu 
650 0 7 |a medzinárodné peňažné vzťahy  |2 SNKPH  |9 622722 
650 0 7 |a medzinárodné financie  |2 SNKPH  |9 2309 
650 0 7 |a platobný styk  |2 SNKPH  |9 3664 
650 0 7 |a platobné billancie  |2 SNKPH  |9 713447 
655 7 |a učebnice vysokých škôl  |2 SNKPH  |9 70191 
700 1 |a Kožehuba, Ján,  |d 1921-  |4 aut  |9 191297 
830 0 |a Vysokoškolské skriptá  |9 276440 
852 |a Slovenská národná knižnica 
954 |a odborná, vedecká literatúra pôvodná (slovenská)  |2 lita 
958 |a RK 
958 |a RM 
958 |a NB 
958 |a UV 
999 |c 1112912  |d 1114842 
952 |a SNK  |b SNK  |y PREZ  |7 0  |o snkSB 12042  |0 0  |1 0  |4 0  |d 2024-06-13  |l 0  |r 2026-02-24 18:06:49  |w 2026-02-24 
952 |a SNK  |b SNK  |y VYP  |7 0  |o snkSB 12042 D1  |0 0  |1 0  |4 0  |d 2024-06-13  |l 0  |r 2026-02-24 18:06:49  |w 2026-02-24